[Event "23rd Chicago Open"]
[Site "Wheeling, IL"]
[Date "2014.05.23"]
[Round "3.7"]
[White "Troff, Kayden"]
[Black "Menon, Gopal"]
[Result "1-0"]
[WhiteElo "2484"]
[BlackElo "2246"]
[PlyCount "63"]
[EventDate "2014.05.??"]
[EventRounds "9"]
[EventCountry "USA"]
[SourceDate "2014.01.04"]

1. d4 Nf6 2. c4 g6 3. Nc3 d5 4. Qb3 dxc4 5. Qxc4 Bg7 6. e4 O-O 7. Be2 b6 8. e5
Be6 9. exf6 Bxc4 10. fxg7 Kxg7 11. Bxc4 Qxd4 12. Bd5 c6 13. Nge2 Qf6 14. Bf3
Nd7 15. Ne4 Qe6 16. Nf4 Qf5 17. g4 Qb5 18. Bd2 Ne5 19. Bc3 Kg8 20. Be2 Qa4 21.
f3 Nd7 22. b3 Qa3 23. Nd3 c5 24. Nb2 b5 25. Bxb5 Nb6 26. Nc4 Nxc4 27. Bxc4 Rad8
28. Ke2 Rd7 29. Nd2 Rxd2+ 30. Kxd2 Rd8+ 31. Ke2 Rd4 32. Rhd1 1-0

[Event "23rd Chicago Open"]
[Site "Wheeling, IL"]
[Date "2014.05.23"]
[Round "3.11"]
[White "Kannappan, Priyadharshan"]
[Black "Holt, Conrad"]
[Result "1/2-1/2"]
[WhiteElo "2420"]
[BlackElo "2555"]
[PlyCount "43"]
[EventDate "2014.05.??"]
[EventRounds "9"]
[EventCountry "USA"]
[SourceDate "2014.01.04"]

1. e4 e6 2. d4 d5 3. Nd2 Be7 4. e5 c5 5. c3 Nc6 6. Bd3 cxd4 7. cxd4 Qb6 8. Ndf3
Bb4+ 9. Kf1 Bd7 10. Ne2 h5 11. h4 Nh6 12. g3 Be7 13. Kg2 g6 14. Bg5 O-O-O 15.
Bxe7 Nxe7 16. Qd2 Bb5 17. Rhc1+ Kb8 18. Bxb5 Qxb5 19. Rc5 Qd7 20. Rac1 Rc8 21.
b4 b6 22. Rxc8+ 1/2-1/2

[Event "23rd Chicago Open"]
[Site "Wheeling, IL"]
[Date "2014.05.23"]
[Round "3.12"]
[White "Hoyos, Manuel"]
[Black "Xiong, Jeffrey"]
[Result "0-1"]
[WhiteElo "2525"]
[BlackElo "2412"]
[PlyCount "74"]
[EventDate "2014.05.??"]
[EventRounds "9"]
[EventCountry "USA"]
[SourceDate "2014.01.04"]

1. Nf3 d5 2. g3 Bg4 3. Bg2 c6 4. c4 Nf6 5. Ne5 Be6 6. cxd5 Bxd5 7. Nf3 c5 8.
Nc3 Bc6 9. O-O e6 10. d3 Be7 11. e4 Nbd7 12. Qe2 b5 13. d4 O-O 14. e5 Nd5 15.
Ne4 Qb6 16. dxc5 Nxc5 17. Nxc5 Bxc5 18. Ng5 h6 19. Nf3 b4 20. Rd1 Bb5 21. Qe1
a5 22. Nd2 Rad8 23. Bf3 f6 24. Bg4 fxe5 25. Nf3 Nf6 26. Rxd8 Bxf2+ 27. Qxf2
Qxf2+ 28. Kxf2 Nxg4+ 29. Ke1 Rxd8 30. h3 Rf8 31. a4 Ba6 32. Nd2 Ne3 33. Ra2
Nc2+ 34. Kd1 Nd4 35. b3 e4 36. Bb2 e3 37. Bxd4 e2+ 0-1

[Event "23rd Chicago Open"]
[Site "Wheeling, IL"]
[Date "2014.05.23"]
[Round "3.19"]
[White "Yanayt, Eugene"]
[Black "Ostrovskiy, Aleksandr"]
[Result "0-1"]
[WhiteElo "2226"]
[BlackElo "2436"]
[PlyCount "54"]
[EventDate "2014.05.??"]
[EventRounds "9"]
[EventCountry "USA"]
[SourceDate "2014.01.04"]

1. Nf3 d5 2. c4 c6 3. Qb3 d4 4. e3 c5 5. Qb5+ Nc6 6. Qxc5 e5 7. Qb5 a6 8. Qa4
Bd7 9. Qd1 Nf6 10. d3 Bb4+ 11. Bd2 Bc5 12. e4 h6 13. Be2 O-O 14. O-O Qe7 15.
Ne1 b5 16. cxb5 axb5 17. Nc2 b4 18. a4 Na5 19. Be1 Nb3 20. Ra2 Be6 21. a5 Rfc8
22. Ra4 Qd7 23. Rxb4 Bxb4 24. Bxb4 Nxa5 25. Nd2 Qa4 26. Bxa5 Rxc2 27. Qb1 Ba2
0-1

[Event "23rd Chicago Open"]
[Site "Wheeling, IL"]
[Date "2014.05.23"]
[Round "3.20"]
[White "Mulyar, Michael"]
[Black "Tang, Andrew"]
[Result "1-0"]
[WhiteElo "2417"]
[BlackElo "2219"]
[PlyCount "109"]
[EventDate "2014.05.??"]
[EventRounds "9"]
[EventCountry "USA"]
[SourceDate "2014.01.04"]

1. d4 d5 2. Nf3 Nf6 3. c4 e6 4. g3 Be7 5. Bg2 O-O 6. O-O dxc4 7. Qa4 a6 8. Qxc4
b5 9. Qc2 Bb7 10. Bd2 Ra7 11. Bg5 Nbd7 12. Bxf6 Nxf6 13. Nbd2 Qa8 14. Rfc1 Rc8
15. Nb3 Nd7 16. Qd3 h6 17. Qe3 a5 18. Bh3 Bd5 19. Nc5 Nxc5 20. dxc5 Bxf3 21.
exf3 Bf6 22. Rc2 Rd8 23. c6 Ra6 24. Rac1 Rd6 25. f4 Qd8 26. Bf1 Bd4 27. Qb3 Rb6
28. Bxb5 Rd5 29. a4 Rb8 30. Qf3 Bb6 31. Re1 Qf6 32. Kg2 Rbd8 33. Rce2 Rd2 34.
b3 Kf8 35. h4 Bc5 36. Rxd2 Rxd2 37. Re2 Qd4 38. Rxd2 Qxd2 39. f5 e5 40. Bc4 e4
41. Qh5 g6 42. fxg6 Qxf2+ 43. Kh3 fxg6 44. Qxh6+ Ke7 45. Qg7+ Ke8 46. Qd7+ Kf8
47. Qd8+ Kg7 48. Qg8+ Kf6 49. Qf7+ Ke5 50. Qd5+ Kf6 51. Qe6+ Kg7 52. Qg8+ Kf6
53. Qf7+ Ke5 54. Qxc7+ Kd4 55. Qg7+ 1-0

[Event "23rd Chicago Open"]
[Site "Wheeling, IL"]
[Date "2014.05.23"]
[Round "3.21"]
[White "Lee, Michael"]
[Black "Haessel, Dale"]
[Result "1-0"]
[WhiteElo "2394"]
[BlackElo "2181"]
[PlyCount "43"]
[EventDate "2014.05.??"]
[EventRounds "9"]
[EventCountry "USA"]
[SourceDate "2014.01.04"]

1. c4 Nf6 2. Nc3 c5 3. g3 d5 4. cxd5 Nxd5 5. Bg2 Nc7 6. Nf3 Nc6 7. d3 e5 8. Nd2
Bd7 9. Nc4 Be7 10. O-O f6 11. f4 exf4 12. Bxf4 Ne6 13. Nd6+ Bxd6 14. Bxd6 Kf7
15. Bd5 b6 16. Ne4 Kg6 17. e3 Nc7 18. Bxc6 Bxc6 19. Qg4+ Kf7 20. Ng5+ Ke8 21.
Bxc7 Qxc7 22. Ne6 1-0

[Event "23rd Chicago Open"]
[Site "Wheeling, IL"]
[Date "2014.05.23"]
[Round "3.25"]
[White "Iwu, Okechukwu"]
[Black "Homa, Seth"]
[Result "0-1"]
[WhiteElo "2139"]
[BlackElo "2331"]
[PlyCount "58"]
[EventDate "2014.05.??"]
[EventRounds "9"]
[EventCountry "USA"]
[SourceDate "2014.01.04"]

1. d4 Nf6 2. Nf3 g6 3. Bg5 Bg7 4. Nbd2 O-O 5. c3 d6 6. e4 c5 7. dxc5 dxc5 8.
Bc4 Nc6 9. Qe2 Qc7 10. O-O Rd8 11. Rfd1 Na5 12. Bd3 Be6 13. Bh4 Nh5 14. Qe3 Nf4
15. Bf1 b5 16. Ng5 Bg4 17. f3 Bd7 18. Bf2 Bh6 19. h4 f6 20. g3 Ne6 21. Nxe6
Qxg3+ 22. Bxg3 Bxe3+ 23. Kg2 Bxe6 24. Bc7 Rxd2+ 25. Rxd2 Bxd2 26. Bxa5 Bf4 27.
Rd1 Bd6 28. Bxb5 Rb8 29. c4 a6 0-1

[Event "23rd Chicago Open"]
[Site "Wheeling, IL"]
[Date "2014.05.23"]
[Round "3.26"]
[White "Sapozhnikov, Roman"]
[Black "Li, Ethan"]
[Result "1/2-1/2"]
[WhiteElo "2329"]
[BlackElo "2138"]
[PlyCount "138"]
[EventDate "2014.05.??"]
[EventRounds "9"]
[EventCountry "USA"]
[SourceDate "2014.01.04"]

1. d4 Nf6 2. c4 e6 3. Nc3 Bb4 4. Qc2 O-O 5. a3 Bxc3+ 6. Qxc3 d6 7. Bg5 Nbd7 8.
e3 b6 9. Nf3 Bb7 10. Nd2 Rc8 11. f3 c5 12. Bd3 cxd4 13. Qxd4 Qc7 14. O-O Rfe8
15. e4 d5 16. exd5 exd5 17. Bf5 Qe5 18. Qxe5 Rxe5 19. g4 Rce8 20. Bf4 Re2 21.
Rf2 Re1+ 22. Rxe1 Rxe1+ 23. Rf1 Rxf1+ 24. Kxf1 dxc4 25. Kf2 Ba6 26. g5 Nd5 27.
Bd6 Nf8 28. Bb8 Ne7 29. Be4 Nd7 30. Bd6 Nc8 31. Bb4 b5 32. Nb1 Ncb6 33. Nc3 Ne5
34. Ke3 Nd3 35. Bxd3 cxd3 36. Kxd3 Na4 37. Nd5 Nxb2+ 38. Kd4 Bb7 39. Ne7+ Kf8
40. Nc8+ Kg8 41. Nxa7 Bxf3 42. Nxb5 Na4 43. Ke5 Bg4 44. Nd4 h6 45. gxh6 gxh6
46. Nf5 Kh7 47. Kf6 Nb6 48. Nd6 Bh5 49. Nxf7 Nd5+ 50. Ke6 Nf4+ 51. Ke7 Nd5+ 52.
Kf8 Kg6 53. Bd2 Nb6 54. Bxh6 Kf6 55. Bg5+ Ke6 56. Nd8+ Kf5 57. Be3 Nc4 58. Bc5
Bd1 59. Nf7 Kg4 60. Nd6 Nxd6 61. Bxd6 Kf5 62. Ke7 Ke4 63. Kd7 Kd5 64. Kc7 Kc4
65. Kb6 Kb3 66. Kb5 Bc2 67. Kc6 Ka4 68. Bb4 Bf5 69. Kc5 Bg4 1/2-1/2

[Event "23rd Chicago Open"]
[Site "Wheeling, IL"]
[Date "2014.05.23"]
[Round "3.30"]
[White "Eckert, Doug"]
[Black "Nieto, Manuel"]
[Result "1/2-1/2"]
[WhiteElo "2255"]
[BlackElo "2043"]
[PlyCount "60"]
[EventDate "2014.05.??"]
[EventRounds "9"]
[EventCountry "USA"]
[SourceDate "2014.01.04"]

1. Nf3 c5 2. g3 g6 3. Bg2 Bg7 4. c4 Nc6 5. Nc3 d6 6. O-O e5 7. a3 Nge7 8. b4
O-O 9. bxc5 dxc5 10. Rb1 Rb8 11. d3 f5 12. Qb3 h6 13. Nd5 Be6 14. Nxe7+ Qxe7
15. Nh4 Nd4 16. Qd1 Bf7 17. e3 Ne6 18. Bb2 Rfd8 19. Qe2 Rd6 20. Bc3 e4 21. dxe4
Bxc3 22. exf5 Nd4 23. Qg4 h5 24. Qh3 g5 25. Ng6 Bxg6 26. fxg6 Ne6 27. Qxh5 Nf8
28. Qh6 Bg7 29. Qh5 Bc3 30. Qh6 Bg7 1/2-1/2

[Event "23rd Chicago Open"]
[Site "Wheeling, IL"]
[Date "2014.05.23"]
[Round "3.39"]
[White "Jimenez, Fidel"]
[Black "Nieto, Guillermo"]
[Result "1-0"]
[WhiteElo "2577"]
[BlackElo "2015"]
[PlyCount "59"]
[EventDate "2014.05.??"]
[EventRounds "9"]
[EventCountry "USA"]
[SourceDate "2014.01.04"]

1. e4 c5 2. Nf3 Nc6 3. d4 cxd4 4. Nxd4 g6 5. Nc3 Bg7 6. Be3 Nf6 7. Bc4 Qa5 8.
O-O O-O 9. Bb3 d6 10. h3 Bd7 11. Re1 Rac8 12. Nd5 Rfe8 13. Bd2 Qd8 14. Bc3 Nxd5
15. exd5 Nxd4 16. Bxd4 a6 17. Bxg7 Kxg7 18. Qd4+ Kg8 19. Re3 b5 20. Rae1 Rc7
21. c3 Bc8 22. a3 Bb7 23. h4 h6 24. h5 Kh7 25. Qf4 Rf8 26. Rg3 Qe8 27. Bc2 Rg8
28. hxg6+ fxg6 29. Rh3 Qf8 30. Bxg6+ 1-0

[Event "23rd Chicago Open"]
[Site "Wheeling, IL"]
[Date "2014.05.23"]
[Round "3.40"]
[White "Lucente, Mike"]
[Black "Adamson, Robby"]
[Result "1/2-1/2"]
[WhiteElo "2048"]
[BlackElo "2269"]
[PlyCount "36"]
[EventDate "2014.05.??"]
[EventRounds "9"]
[EventCountry "USA"]
[SourceDate "2014.01.04"]

1. c4 Nf6 2. g3 e6 3. Bg2 d5 4. Nf3 Be7 5. O-O O-O 6. cxd5 exd5 7. d3 c6 8. Qc2
a5 9. b3 a4 10. bxa4 Qa5 11. Nc3 Nbd7 12. Nd4 Re8 13. Bd2 Qa6 14. Nb3 Bf8 15.
Rfe1 Ne5 16. a5 Bg4 17. h3 Bf5 18. Na4 Nfd7 1/2-1/2

[Event "23rd Chicago Open"]
[Site "Wheeling, IL"]
[Date "2014.05.24"]
[Round "4.1"]
[White "Troff, Kayden"]
[Black "Macieja, Bartlomiej"]
[Result "1/2-1/2"]
[WhiteElo "2484"]
[BlackElo "2605"]
[PlyCount "159"]
[EventDate "2014.05.??"]
[EventRounds "9"]
[EventCountry "USA"]
[SourceDate "2014.01.04"]

1. d4 Nf6 2. c4 e6 3. g3 c5 4. d5 exd5 5. cxd5 d6 6. Nc3 g6 7. Nf3 Bg7 8. Bg2
O-O 9. O-O Re8 10. Re1 a6 11. a4 Ne4 12. Nxe4 Rxe4 13. Nd2 Rb4 14. a5 Nd7 15.
Ra4 Rxa4 16. Qxa4 Rb8 17. Ne4 Ne5 18. Bg5 f6 19. Bd2 Nf7 20. Bc3 f5 21. Nd2 Bd7
22. Qa1 b5 23. axb6 Qxb6 24. Nc4 Qb5 25. Bxg7 Kxg7 26. b3+ Kg8 27. Qf6 Qxb3 28.
Nxd6 Be8 29. Nxe8 Rxe8 30. Qxa6 Qb8 31. Rc1 Qd6 32. Qxd6 Nxd6 33. Rxc5 Rxe2 34.
Kf1 Rb2 35. Rc6 Nf7 36. f4 Kf8 37. h4 Rb1+ 38. Kf2 Rb2+ 39. Kg1 Rd2 40. Bf3 Ke7
41. Re6+ Kf8 42. Kf1 Ra2 43. Be2 Rd2 44. Bf3 Ra2 45. Ke1 Ra1+ 46. Kf2 Ra2+ 47.
Kf1 Ra1+ 48. Ke2 Ra2+ 49. Ke1 Ra1+ 50. Bd1 Ra5 51. h5 Rxd5 52. hxg6 hxg6 53.
Rxg6 Rd6 54. Rxd6 Nxd6 55. Bc2 Ke7 56. Ke2 Kf6 57. Bd3 Ne8 58. Ke3 Ng7 59. Be2
Ke6 60. Kd4 Kd6 61. Kc4 Kc6 62. Bd1 Kd6 63. Bf3 Ne6 64. Kd3 Ng7 65. Kd4 Ne6+
66. Ke3 Ng7 67. Kf2 Ke6 68. Bc6 Kd6 69. Bb7 Kc7 70. Ba6 Kd6 71. Kg2 Ke6 72.
Bc8+ Kf6 73. Kh3 Ne8 74. Bb7 Ng7 75. Bd5 Ne8 76. Kh4 Ng7 77. Bb3 Kg6 78. Ba4
Kf6 79. Bd7 Kg6 80. Bxf5+ 1/2-1/2

[Event "23rd Chicago Open"]
[Site "Wheeling, IL"]
[Date "2014.05.24"]
[Round "4.2"]
[White "Bregadze, Levan"]
[Black "Shulman, Yury"]
[Result "1-0"]
[WhiteElo "2428"]
[BlackElo "2560"]
[PlyCount "123"]
[EventDate "2014.05.??"]
[EventRounds "9"]
[EventCountry "USA"]
[SourceDate "2014.01.04"]

1. e4 c5 2. b3 Nc6 3. Bb2 d6 4. Bb5 e5 5. f4 exf4 6. Nf3 Nge7 7. Nc3 Ng6 8. Nd5
a6 9. Be2 Be6 10. d4 cxd4 11. O-O Be7 12. Nxe7 Qxe7 13. Nxd4 O-O 14. Nxc6 bxc6
15. Qd4 f5 16. Rad1 fxe4 17. Qxd6 Qf7 18. Qxc6 f3 19. gxf3 e3 20. Kh1 Rfe8 21.
Qb6 Rac8 22. c4 h6 23. Rg1 Bf5 24. Rd6 Kh7 25. Qd4 Kh8 26. c5 Rc7 27. Rd8 Rxd8
28. Qxd8+ Kh7 29. Qd4 Rd7 30. Qxe3 Re7 31. Qf2 Qe8 32. Bc4 Re3 33. Bf7 Qe7 34.
c6 Re2 35. Bxg6+ Bxg6 36. Qg3 Qf7 37. c7 Rc2 38. Rc1 Rxc1+ 39. Bxc1 Qd7 40. Kg2
Bf5 41. Qe5 h5 42. Be3 h4 43. Bd4 Qf7 44. Kf2 Qg6 45. Qe7 h3 46. Qh4+ Qh6 47.
Qxh6+ Kxh6 48. b4 Kg6 49. Ke3 Kf7 50. Be5 g6 51. Kd4 Ke7 52. Kc5 Kd7 53. Kb6
Kc8 54. Kxa6 g5 55. a4 g4 56. fxg4 Bxg4 57. b5 Bd1 58. a5 Be2 59. Kb6 Bd3 60.
a6 Be2 61. Ka5 Kd7 62. b6 1-0

[Event "23rd Chicago Open"]
[Site "Wheeling, IL"]
[Date "2014.05.24"]
[Round "4.4"]
[White "Kaidanov, Gregory S"]
[Black "Xiong, Jeffrey"]
[Result "0-1"]
[WhiteElo "2575"]
[BlackElo "2412"]
[PlyCount "66"]
[EventDate "2014.05.??"]
[EventRounds "9"]
[EventCountry "USA"]
[SourceDate "2014.01.04"]

1. Nf3 d5 2. c4 d4 3. b4 Bg4 4. Qb3 Bxf3 5. Qxf3 c6 6. e3 e5 7. exd4 Qxd4 8.
Nc3 Bxb4 9. Rb1 Na6 10. a3 Bxc3 11. Rxb7 Bxd2+ 12. Bxd2 Qa1+ 13. Ke2 Ne7 14. g3
Nc5 15. Rxe7+ Kxe7 16. Bb4 Qb2+ 17. Ke1 Qc1+ 18. Qd1 Qxd1+ 19. Kxd1 Kd6 20. Bg2
a5 21. Bc3 Na4 22. Ba1 Rab8 23. Kc2 f6 24. Rd1+ Kc7 25. Re1 Rhd8 26. h4 Rd6 27.
Re2 Rbd8 28. Kb3 Nc5+ 29. Kc2 Ne6 30. Be4 Nd4+ 31. Bxd4 Rxd4 32. Kc3 Kb6 33.
Bxh7 Kc5 0-1

[Event "23rd Chicago Open"]
[Site "Wheeling, IL"]
[Date "2014.05.24"]
[Round "4.5"]
[White "Nemcova, Katerina"]
[Black "Margvelashvili, Giorgi"]
[Result "1-0"]
[WhiteElo "2282"]
[BlackElo "2550"]
[PlyCount "121"]
[EventDate "2014.05.??"]
[EventRounds "9"]
[EventCountry "USA"]
[SourceDate "2014.01.04"]

1. e4 c5 2. Nf3 Nc6 3. d4 cxd4 4. Nxd4 Nf6 5. Nc3 d6 6. Bc4 Qb6 7. Ndb5 a6 8.
Be3 Qa5 9. Nd4 e6 10. f3 Be7 11. Qd2 O-O 12. O-O-O Bd7 13. Kb1 Qc7 14. g4 b5
15. Bd3 Nxd4 16. Bxd4 e5 17. Be3 Be6 18. g5 Nd7 19. h4 Nb6 20. h5 Nc4 21. Bxc4
Qxc4 22. g6 fxg6 23. hxg6 hxg6 24. b3 Qc6 25. Rdg1 Kf7 26. Nd5 Bxd5 27. exd5
Qd7 28. f4 exf4 29. Bxf4 Rh8 30. Qg2 Qf5 31. Rf1 Rxh1 32. Qxh1 Bf6 33. Bxd6 Rh8
34. Qg2 Qd7 35. Ba3 Rh5 36. d6 a5 37. Rd1 Rg5 38. Qf3 Rf5 39. Qg2 Rg5 40. Qf3
Rf5 41. Qd3 g5 42. Bb2 Bxb2 43. Kxb2 Rf6 44. Qd5+ Kg6 45. Qe4+ Kf7 46. Qe5 Rf5
47. Qe4 Rf6 48. Qd3 g4 49. a3 Kf8 50. Qd5 a4 51. Re1 axb3 52. Qa8+ Kf7 53. Re7+
Qxe7 54. dxe7 Kxe7 55. Kxb3 Rf3+ 56. Kb4 Kf6 57. Kxb5 Kg5 58. Qd8+ Rf6 59. c4
g3 60. c5 Kg4 61. Qd1+ 1-0

[Event "23rd Chicago Open"]
[Site "Wheeling, IL"]
[Date "2014.05.24"]
[Round "4.7"]
[White "Perelshteyn, Eugene"]
[Black "Shankar, Gauri"]
[Result "1-0"]
[WhiteElo "2513"]
[BlackElo "2280"]
[PlyCount "151"]
[EventDate "2014.05.??"]
[EventRounds "9"]
[EventCountry "USA"]
[SourceDate "2014.01.04"]

1. e4 c5 2. Nf3 g6 3. d4 cxd4 4. Qxd4 Nf6 5. e5 Nc6 6. Qa4 Nd5 7. Qe4 Ndb4 8.
Bb5 Bg7 9. a3 Na6 10. Nc3 Nc5 11. Qe2 Ne6 12. O-O Ncd4 13. Nxd4 Nxd4 14. Qe4
Nxb5 15. Nxb5 a6 16. Nc3 O-O 17. Bg5 Rb8 18. Nd5 Re8 19. Qh4 Bf8 20. Rad1 b5
21. Bh6 Bg7 22. Bg5 Bf8 23. Bh6 Bg7 24. Bxg7 Kxg7 25. Rd3 d6 26. Ne3 Rb6 27.
Rfd1 Be6 28. Qf4 d5 29. Nxd5 Bxd5 30. Rxd5 Qc8 31. c3 Qc4 32. Qe3 Reb8 33. h3
a5 34. R1d4 Qa2 35. Qd2 b4 36. axb4 axb4 37. Rxb4 Rxb4 38. cxb4 Qb3 39. Rd4 Rc8
40. Rd3 Qa4 41. Ra3 Qb5 42. Ra5 Qc4 43. Rc5 Rxc5 44. bxc5 Qxc5 45. Qc3 Qd5 46.
b4 e6 47. Qc5 Qd1+ 48. Kh2 h5 49. b5 Qb3 50. h4 Qa4 51. g3 g5 52. hxg5 h4 53.
b6 hxg3+ 54. Kxg3 Qb3+ 55. Kg2 Qb1 56. Qc6 Qb4 57. Kg3 Qb3+ 58. Kf4 Qb4+ 59.
Ke3 Qb3+ 60. Kd4 Qb4+ 61. Kd3 Qb3+ 62. Ke4 Qb4+ 63. Kf3 Qb3+ 64. Kg2 Qb4 65. f3
Qb2+ 66. Kf1 Qb1+ 67. Kg2 Qb2+ 68. Kh3 Qb1 69. b7 Qf5+ 70. Kg2 Qxg5+ 71. Kf1
Qxe5 72. Qe4 Qb5+ 73. Kg2 f5 74. Qd4+ Kg6 75. Qa7 Qe2+ 76. Qf2 1-0

[Event "23rd Chicago Open"]
[Site "Wheeling, IL"]
[Date "2014.05.24"]
[Round "4.10"]
[White "Sadorra, Julio"]
[Black "Mulyar, Michael"]
[Result "1/2-1/2"]
[WhiteElo "2611"]
[BlackElo "2417"]
[PlyCount "159"]
[EventDate "2014.05.??"]
[EventRounds "9"]
[EventCountry "USA"]
[SourceDate "2014.01.04"]

1. d4 d5 2. c4 c6 3. Nf3 Nf6 4. Nc3 e6 5. e3 Nbd7 6. Qc2 Bd6 7. b3 O-O 8. Bb2
b6 9. Bd3 Bb7 10. O-O Qe7 11. Rfe1 h6 12. e4 dxe4 13. Bxe4 Ba3 14. Bxa3 Qxa3
15. Ne5 Qd6 16. Rad1 Rad8 17. f4 Qc7 18. Bf3 c5 19. d5 exd5 20. cxd5 a6 21. a4
Rfe8 22. d6 Qc8 23. Bxb7 Qxb7 24. Qf5 Nf8 25. Re3 b5 26. g4 Re6 27. g5 hxg5 28.
fxg5 g6 29. Qf2 Rxe5 30. gxf6 Rf5 31. Qh4 Rh5 32. Qe4 Qxe4 33. Rxe4 Nd7 34.
axb5 axb5 35. Rf4 c4 36. bxc4 bxc4 37. Nd5 Ne5 38. Ne7+ Kf8 39. Re4 Nd7 40. Nc6
Rc8 41. Rxc4 Rg5+ 42. Kh1 Nxf6 43. d7 Nxd7 44. Rxd7 Kg7 45. Rd1 Rf5 46. Rcc1
Rf2 47. Kg1 Rf6 48. Nd4 Rxc1 49. Rxc1 Rf4 50. Ne2 Rf5 51. Kg2 Re5 52. Nf4 Rf5
53. Kg3 Rg5+ 54. Kf3 Rf5 55. Ke4 Ra5 56. Re1 Rf5 57. Re2 Rg5 58. Rf2 Ra5 59.
Nd3 Ra4+ 60. Kd5 Ra5+ 61. Nc5 Ra1 62. Nb7 Rd1+ 63. Kc6 f5 64. Nd6 Kf6 65. Kd7
Re1 66. Ne8+ Kf7 67. Nc7 Kf6 68. Kd6 Kg5 69. Ne6+ Kf6 70. Nf4 Kg5 71. Nd5 Kh4
72. Nf4 Rd1+ 73. Ke5 g5 74. Ne2 f4 75. Kf5 Rd5+ 76. Ke4 Rd1 77. Kf5 Rd5+ 78.
Kf6 Rd2 79. Kf5 f3 80. Rxf3 1/2-1/2

[Event "23rd Chicago Open"]
[Site "Wheeling, IL"]
[Date "2014.05.24"]
[Round "4.14"]
[White "Homa, Seth"]
[Black "Amanov, Mesgen"]
[Result "1-0"]
[WhiteElo "2331"]
[BlackElo "2463"]
[PlyCount "33"]
[EventDate "2014.05.??"]
[EventRounds "9"]
[EventCountry "USA"]
[SourceDate "2014.01.04"]

1. d4 d5 2. c4 c6 3. Nf3 Nf6 4. Nc3 e6 5. g3 dxc4 6. Bg2 b5 7. Ne5 Nd5 8. O-O
f6 9. Nxd5 cxd5 10. e4 g6 11. exd5 exd5 12. Ng4 Na6 13. a4 bxa4 14. Bxd5 Bxg4
15. Qxa4+ Bd7 16. Re1+ Be7 17. Qxa6 1-0

[Event "23rd Chicago Open"]
[Site "Wheeling, IL"]
[Date "2014.05.24"]
[Round "4.18"]
[White "Ostrovskiy, Aleksandr"]
[Black "Monokroussos, Dennis"]
[Result "1-0"]
[WhiteElo "2436"]
[BlackElo "2295"]
[PlyCount "217"]
[EventDate "2014.05.??"]
[EventRounds "9"]
[EventCountry "USA"]
[SourceDate "2014.01.04"]

1. Nf3 d5 2. c4 c6 3. e3 Nf6 4. Nc3 g6 5. d4 Bg7 6. Be2 O-O 7. O-O dxc4 8. Bxc4
Bg4 9. h3 Bxf3 10. Qxf3 Nbd7 11. Rd1 e5 12. Bb3 Qe7 13. Bd2 Rad8 14. Re1 Qd6
15. Rad1 exd4 16. exd4 Rde8 17. Rxe8 Rxe8 18. Bf4 Qe7 19. d5 cxd5 20. Nxd5 Nxd5
21. Qxd5 Nf6 22. Qc4 a6 23. a4 Qe6 24. Qxe6 fxe6 25. Be5 b5 26. a5 Nd5 27. Bxg7
Kxg7 28. Kf1 Rc8 29. Ke2 Rc5 30. Bxd5 exd5 31. b4 Rc4 32. Rxd5 Rxb4 33. Rd6 h5
34. Rxa6 h4 35. Rb6 Kh6 36. a6 Ra4 37. Rxb5 Rxa6 38. Rd5 Re6+ 39. Kf3 Rf6+ 40.
Ke3 Re6+ 41. Kd2 Rf6 42. Ke2 Re6+ 43. Kf1 Re4 44. Rd3 Kh5 45. Re3 Ra4 46. Ke2
g5 47. Re6 g4 48. Re5+ Kh6 49. hxg4 Rxg4 50. Kf3 Rg6 51. Rf5 Rg8 52. Rf4 Kh5
53. Rf5+ Kh6 54. Rf7 Kh5 55. Rf6 Kg5 56. Rf4 Kh5 57. Rf7 Kg6 58. Re7 Kh5 59.
Re6 Kg5 60. Ke4 Kh5 61. Re5+ Kh6 62. Kf3 Rg6 63. Re8 Kh5 64. Rh8+ Kg5 65. Ke2
Ra6 66. Rg8+ Kh5 67. Rd8 Kg5 68. Rg8+ Kf5 69. Rf8+ Kg5 70. Re8 Kf5 71. Kf1 Ra1+
72. Re1 Ra2 73. Kg1 Kf4 74. Re3 Kg4 75. Re4+ Kh5 76. Rf4 Kg5 77. Rf8 Ra1+ 78.
Kh2 Rf1 79. Rg8+ Kh5 80. f3 Ra1 81. Re8 Kg5 82. Re5+ Kg6 83. Rb5 Rc1 84. Kh3
Rh1+ 85. Kg4 Rh2 86. Rb6+ Kg7 87. Rb2 Kf6 88. f4 Ke6 89. Re2+ Kf6 90. Ra2 Ke6
91. Re2+ Kf6 92. Rb2 Ke6 93. Kg5 h3 94. Rb6+ Ke7 95. g4 Ra2 96. Rh6 h2 97. f5
Kf7 98. Kf4 Kg7 99. Rh5 Kf6 100. Rh6+ Kg7 101. Rh5 Kf6 102. Kg3 Ra3+ 103. Kxh2
Ke5 104. Rh3 Ra1 105. Rf3 Ke4 106. Rf2 Ke5 107. f6 Ra8 108. f7 Rf8 109. g5 1-0

[Event "23rd Chicago Open"]
[Site "Wheeling, IL"]
[Date "2014.05.24"]
[Round "4.19"]
[White "Hughes, John"]
[Black "Hoyos, Manuel"]
[Result "0-1"]
[WhiteElo "2214"]
[BlackElo "2525"]
[PlyCount "96"]
[EventDate "2014.05.??"]
[EventRounds "9"]
[EventCountry "USA"]
[SourceDate "2014.01.04"]

1. e4 c5 2. c3 g6 3. d4 cxd4 4. cxd4 d5 5. e5 Nc6 6. Nc3 Bg7 7. h3 f6 8. f4 Nh6
9. g4 O-O 10. Bg2 fxe5 11. fxe5 e6 12. Nf3 Rxf3 13. Bxf3 Qh4+ 14. Kf1 Qg3 15.
Be3 b6 16. Bf2 Ba6+ 17. Ke1 Qf4 18. Be2 Bxe2 19. Nxe2 Qe4 20. Rh2 Nxe5 21. dxe5
Bxe5 22. Bg1 Bxh2 23. Bxh2 Qh1+ 24. Bg1 Qxh3 25. Qd4 Nxg4 26. Rc1 Rf8 27. Rc7
Qf1+ 28. Kd2 Nf6 29. Nf4 Qb1 30. Qe5 Qxg1 31. Qxe6+ Kh8 32. Qe7 Qd4+ 33. Nd3
Ne4+ 34. Kc2 Qa4+ 35. Kb1 Rf1+ 36. Nc1 Nd2+ 37. Ka1 Nb3+ 38. Kb1 Qe4+ 39. Qxe4
Nd2+ 40. Kc2 Nxe4 41. Rxa7 Rf2+ 42. Kb3 Nc5+ 43. Kc3 d4+ 44. Kxd4 Rxb2 45. Ke5
Rc2 46. Kf6 Ne4+ 47. Kf7 Nd6+ 48. Kf6 Rxc1 0-1

[Event "23rd Chicago Open"]
[Site "Wheeling, IL"]
[Date "2014.05.24"]
[Round "4.20"]
[White "Sharma, Arun"]
[Black "Eckert, Doug"]
[Result "1-0"]
[WhiteElo "2383"]
[BlackElo "2255"]
[PlyCount "91"]
[EventDate "2014.05.??"]
[EventRounds "9"]
[EventCountry "USA"]
[SourceDate "2014.01.04"]

1. d4 Nf6 2. c4 e6 3. Nc3 Bb4 4. Qc2 d5 5. cxd5 Qxd5 6. Nf3 Qf5 7. Qd1 O-O 8.
e3 b6 9. Bd3 Qh5 10. O-O Ba6 11. Bxa6 Nxa6 12. Qe2 Nb8 13. e4 c5 14. Nb5 Nbd7
15. a3 Ba5 16. Bf4 Qg4 17. Bd6 Qxe4 18. Qxe4 Nxe4 19. Bxf8 Kxf8 20. b4 cxb4 21.
axb4 Bxb4 22. Rxa7 Rxa7 23. Nxa7 g5 24. Nc6 Bd6 25. Ra1 g4 26. Ra7 gxf3 27.
Rxd7 Bf4 28. gxf3 Nc3 29. Rb7 Nd5 30. Ne5 Bxe5 31. dxe5 Kg7 32. Kg2 Kg6 33. Kg3
h5 34. f4 f6 35. exf6 Kxf6 36. Kf3 Kf5 37. Rb8 Kf6 38. Rh8 Kg6 39. Ke4 Kg7 40.
Rc8 Kf6 41. Rc6 Ne7 42. Rxb6 Nf5 43. Rb8 Nd6+ 44. Kf3 Nf5 45. Rh8 Kg6 46. Rg8+
1-0

[Event "23rd Chicago Open"]
[Site "Wheeling, IL"]
[Date "2014.05.24"]
[Round "4.23"]
[White "Li, Ethan"]
[Black "Mena, Carlos"]
[Result "0-1"]
[WhiteElo "2138"]
[BlackElo "2311"]
[PlyCount "78"]
[EventDate "2014.05.??"]
[EventRounds "9"]
[EventCountry "USA"]
[SourceDate "2014.01.04"]

1. d4 g6 2. c4 Bg7 3. Nf3 d6 4. Nc3 Bg4 5. e3 Nf6 6. h3 Bxf3 7. Qxf3 c6 8. Bd3
Nbd7 9. O-O O-O 10. Rb1 e5 11. d5 c5 12. e4 Kh8 13. Bg5 a6 14. Qe2 Qc7 15. b3
Ng8 16. Qd2 h5 17. a3 Kh7 18. b4 Bh6 19. Rb3 Bxg5 20. Qxg5 Kg7 21. Ne2 Qd8 22.
Qe3 Ngf6 23. g3 h4 24. f4 hxg3 25. f5 Rh8 26. Nxg3 g5 27. Qxg5+ Kf8 28. Kh2 Ke7
29. Be2 Qc7 30. b5 Rag8 31. Qe3 a5 32. b6 Qd8 33. Kg2 Rh4 34. Bg4 Rg7 35. Kf3
Kf8 36. Ke2 Nxg4 37. hxg4 Rgxg4 38. Rh1 Rxg3 39. Qxg3 Rxh1 0-1

[Event "23rd Chicago Open"]
[Site "Wheeling, IL"]
[Date "2014.05.24"]
[Round "4.24"]
[White "Nieto, Manuel"]
[Black "Schmakel, Sam"]
[Result "0-1"]
[WhiteElo "2043"]
[BlackElo "2306"]
[PlyCount "70"]
[EventDate "2014.05.??"]
[EventRounds "9"]
[EventCountry "USA"]
[SourceDate "2014.01.04"]

1. d4 f5 2. Nf3 Nf6 3. Bg5 e6 4. Nbd2 d5 5. e3 Be7 6. Ne5 O-O 7. Bd3 Ne4 8.
Bxe7 Qxe7 9. O-O Nxd2 10. Qxd2 Nd7 11. f4 Nxe5 12. dxe5 Bd7 13. Qe2 Rad8 14. c4
Bc6 15. cxd5 Bxd5 16. Rfd1 Rd7 17. Bc4 Rfd8 18. Rac1 c6 19. Rd4 Bxc4 20. Qxc4
Rxd4 21. exd4 Rd5 22. b4 Kf7 23. a4 a6 24. Rb1 Qd8 25. Rd1 h6 26. g3 g5 27. Qc3
gxf4 28. gxf4 Qh4 29. Qg3 Qh5 30. Rd2 Rd8 31. Qe1 Qf3 32. Qf1 Qe3+ 33. Qf2 Rg8+
34. Kf1 Qe4 35. Qh4 Qf3+ 0-1